000 00776nam a2200265 i 4500
001 13854
003 ES-MaACL
005 20230906150657.0
007 t|
008 980714s1992 ve |||| | spa d
020 _a980-01-0584-0
080 _a82.09
100 1 _aTodorov, Tzvetan.
_9110413
245 1 0 _aSimbolismo e interpretación /
_cTzvetan Todorov ; traducción, Claudine Lemoine, Márgara Russotto.
250 _a2ª ed.
260 _aCaracas :
_bMonte Avila,
_c1992.
300 _a186 p. ;
_c20 cm.
490 1 _aEstudios
650 1 4 _aSignos y símbolos-
_xEn la literatura.
_9160057
700 1 _aLemoine, Claudine.
_971481
700 1 _aRussotto, Márgara.
_9101057
830 0 _aEstudios
_9177349
852 _aES-MaACL
_jL-21348
999 _c13854
_d13854